000 00667nam a2200277Ia 4500
005 20260324150839.0
008 008 260324s9999 xx 000 0 eng d
020 _a9781315683478
037 _aEBOOK
040 _aCRL
040 _beng
040 _cCRL
041 _2eng
041 _aeng
084 _qCRL
100 _aD Westermann; Ida C. Ward
_91227827
245 0 _aPractical Phonetics for Students of African Languages
260 _bTaylor and Francis
260 _c1933
365 _a
365 _b180
856 _uhttp://www.taylorfrancis.com/books/9781315683478
942 _cEBOOK
999 _c1837998
_d1837998